Statystyki dla 15 krajów o największej liczbie zgonów Covid19 - 14 lipca

Kliknij tutaj aby rozwiązać quiz!

Ogólne statystyki

  • Ten quiz został rozwiązany 14 razy
  • Średni wynik to 12 z 19

Statystyki odpowiedzi

kraj% Poprawnych
Hiszpania
100%
Stany Zjednoczone
100%
Brazylia
92%
Rosja
92%
Włochy
92%
Francja
85%
Wielka Brytania
85%
Meksyk
77%
Niemcy
77%
Indie
69%
Kanada
62%
Chile
54%
Iran
54%
Szwecja
54%
Peru
46%
Belgia
31%
Holandia
31%
Irlandia
23%
Ekwador
15%

Rozkład punktacji

Percentyl według liczby udzielonych odpowiedzi

Procent ludzi z każdym wynikiem

Twoja historia wyników

Nie rozwiązałeś tego quizu